000 00781cab a2200253 4500
001 WB2901-58
008 090401t1992 xxu||||| |||| 00| 0 eng d
035 _a(Sirsi) u18592
041 _aeng
245 _aLoan for housing in Poland
260 _c1992
350 _a0
490 _aEuropean Bank for Reconstuction & Development News Release
_v22 December 1992 (1)
520 _aA loan from the European Bank for Reconstruction and Development will be used to activate the private sector in the provision of more and better housing in Poland.
650 _aEBRD
650 _aHOUSING
650 _aMARKET ECONOMY
650 _aPOLAND
650 _aPRIVATE SECTOR
690 _aBUILT ENVIRONMENT
690 _aOVERSEAS-EUROPE
942 _n0
948 _c04/03/1997
999 _c12372
_d12372